Stati aderenti all'Unione Europea - Statistics

Statistiche generali
  • Questo quiz è stato fatto 49 volte
  • Il punteggio medio è 24 su 27
Statistiche sulle risposte
ANNO STATO % Corretto
1958 Germania
100%
1958 Italia
100%
1958 Belgio
98%
1958 Francia
98%
1995 Finlandia
96%
1958 Paesi Bassi/Olanda
96%
1995 Svezia
96%
1973 Irlanda
93%
1958 Lussemburgo
93%
1986 Portogallo
93%
2013 Croazia
91%
1981 Grecia
91%
2007 Romania
91%
1986 Spagna
91%
1995 Austria
89%
2004 Estonia
89%
2004 Lituania
89%
2004 Polonia
89%
2004 Lettonia
87%
2007 Bulgaria
84%
1973 Danimarca
84%
2004 Slovacchia
84%
2004 Slovenia
84%
2004 Ungheria
82%
2004 Malta
78%
2004 Repubblica Ceca/Cechia
78%
2004 Cipro
56%
Nessun quiz corrispondente trovato
Distribuzione punteggi
Percentuale di utenti per punteggio
Percentile per numero di risposta
I tuoi punteggi nel tempo
Non hai fatto questo quiz